| 000 | 01234cam a2200265 4500 | ||
|---|---|---|---|
| 001 | ABS63709 | ||
| 008 | 000000n2001 000 0 eng u | ||
| 035 | _a(Sirsi) u111826 | ||
| 100 | _aBarnes, R. | ||
| 245 | _aSpecial report: connectivity | ||
| 260 | _c2001 | ||
| 490 |
_aProperty Week _v66(13) 30 March 2001, 49-60(7) |
||
| 520 | _aThis special report on connectivity looks at a number of issues. Discusses the retreat of US broadband companies from the UK market, but suggests that occupier demand for high-speed internet access is continuing to grow. Concludes there is a demand for this technology if it is provided, and promoted, in the right way. Also discusses the falling demand for telehouses, and considers what the future holds for co-location developers. Finally, looks at portals, suggesting that mini-portals provide a vital link between the property industry and the internet. | ||
| 590 | _aABS | ||
| 650 | _aBROADBAND TECHNOLOGY | ||
| 650 | _aTELEHOTELS | ||
| 650 | _aMARKET DEMANDS | ||
| 650 | _aPORTALS | ||
| 650 | _aINTERNET | ||
| 650 | _aPROPERTY INDUSTRY | ||
| 690 | _aMANAGEMENT-BUSINESS MANAGEMENT-INFORMATION MANAGEMENT | ||
| 700 | _aSmith, K. | ||
| 700 | _aLawson, D. | ||
| 942 | _n0 | ||
| 999 |
_c66633 _d66633 |
||